[Event "Titled Tuesday intern op 02nd Apr Early"]
[Site "Chess.com INT"]
[Date "2024.04.02"]
[Round "7"]
[White "Diaz Garcia, Lianet"]
[Black "Ramirez Madrid, Gerardo Alfonso"]
[Result "0-1"]
[WhiteElo "1992"]
[BlackElo "1959"]
[PlyCount "78"]
[EventDate "2024.04.02"]
[EventType "swiss (blitz)"]
[EventRounds "11"]
[EventCountry "USA"]
[SourceTitle "CB15_2024"]
[SourceDate "2024.04.10"]
[SourceVersion "1"]
[SourceVersionDate "2024.04.10"]
[SourceQuality "1"]

1. g3 Nf6 2. Bg2 d5 3. d3 g6 4. Nd2 Bg7 5. e4 c5 6. Ngf3 Nc6 7. 0-0 e5 8. exd5 Nxd5 9. Nc4 0-0 10. Re1 Re8 11. a4 f6 12. Ne3 Nc7 13. Bd2 Be6 14. Bc3 Nd4 15. Nd2 Rb8 16. Nec4 Bd5 17. Bxd4 cxd4 18. Bxd5+ Qxd5 19. Qf3 f5 20. Qxd5+ Nxd5 21. Re2 Re6 22. Rae1 Rbe8 23. Nf3 Kf7 24. Ng5+ Kg8 25. Nxe6 Rxe6 26. f4 e4 27. dxe4 fxe4 28. Rxe4 Rxe4 29. Rxe4 Nb4 30. c3 dxc3 31. bxc3 Bxc3 32. Nd6 Nd5 33. Nxb7 Nf6 34. Rc4 Bd2 35. Rc8+ Kg7 36. Rc7+ Kh6 37. Nd8 Ba5 38. Rc8 Kh5 39. Ra8 Bb6+ 0-1

[Event "Titled Tuesday intern op 02nd Apr Early"]
[Site "Chess.com INT"]
[Date "2024.04.02"]
[Round "8"]
[White "Ramirez Madrid, Gerardo Alfonso"]
[Black "Womacka, Mathias"]
[Result "0-1"]
[WhiteElo "1959"]
[BlackElo "2359"]
[PlyCount "84"]
[EventDate "2024.04.02"]
[EventType "swiss (blitz)"]
[EventRounds "11"]
[EventCountry "USA"]
[SourceTitle "CB15_2024"]
[SourceDate "2024.04.10"]
[SourceVersion "1"]
[SourceVersionDate "2024.04.10"]
[SourceQuality "1"]

1. Nf3 c5 2. c4 Nf6 3. Nc3 e6 4. g3 b6 5. Bg2 Bb7 6. 0-0 Be7 7. b3 0-0 8. e3 d5 9. Bb2 Nc6 10. cxd5 Nxd5 11. Nxd5 Qxd5 12. Nd4 Qd7 13. Nb5 a6 14. Nc3 Bf6 15. Na4 Bxb2 16. Nxb2 Rfd8 17. Nc4 Qc7 18. Qe2 b5 19. Nb2 Ne5 20. f4 Bxg2 21. Qxg2 Ng4 22. h3 Nf6 23. Rad1 Nd5 24. g4 Rac8 25. Rc1 Qb6 26. g5 Nb4 27. a3 Nd3 28. Nxd3 Rxd3 29. Rc3 Rcd8 30. Rxd3 Rxd3 31. Rc1 g6 32. Rc3 Qd6 33. Rxd3 Qxd3 34. Qb7 Qxd2 35. Qb8+ Kg7 36. Qe5+ Kf8 37. Qb8+ Ke7 38. Qc7+ Ke8 39. Qc8+ Qd8 40. Qc6+ Qd7 41. Qxc5 Qd1+ 42. Kf2 Qxb3 0-1

[Event "Titled Tuesday intern op 12th Mar Late"]
[Site "Chess.com INT"]
[Date "2024.03.12"]
[Round "5"]
[White "Gatineau, Yovann"]
[Black "Ramirez Madrid, Gerardo Alfonso"]
[Result "1-0"]
[WhiteElo "2408"]
[BlackElo "1970"]
[PlyCount "65"]
[EventDate "2024.03.12"]
[EventType "swiss (blitz)"]
[EventRounds "11"]
[EventCountry "USA"]
[SourceTitle "CB12_2024"]
[SourceDate "2023.10.01"]
[SourceVersion "1"]
[SourceVersionDate "2023.10.01"]
[SourceQuality "1"]

1. e4 c5 2. Nc3 d6 3. Nf3 Nf6 4. Bb5+ Bd7 5. Bxd7+ Qxd7 6. d4 cxd4 7. Nxd4 a6 8. 0-0 Nc6 9. Re1 g6 10. Nd5 Qd8 11. Nxf6+ exf6 12. Nxc6 bxc6 13. Bf4 Be7 14. Bh6 Bf8 15. Qd2 Qe7 16. Rad1 Rd8 17. h3 g5 18. Bxf8 Kxf8 19. Qa5 Ra8 20. Qb6 Qd7 21. e5 fxe5 22. Rxe5 f6 23. Rc5 Kg7 24. Rxc6 Qf5 25. Rcxd6 Rhe8 26. Rd7+ Kg6 27. Qb7 Rab8 28. Qa7 Ra8 29. Qd4 Rab8 30. b3 Qxc2 31. Rd6 Qf5 32. Rd3 Re1+ 33. Kh2 1-0

[Event "Titled Tuesday intern op 12th Mar Late"]
[Site "Chess.com INT"]
[Date "2024.03.12"]
[Round "9"]
[White "Ramirez Madrid, Gerardo Alfonso"]
[Black "Mesquita, Eduardo Barbosa"]
[Result "0-1"]
[WhiteElo "1970"]
[BlackElo "1969"]
[PlyCount "42"]
[EventDate "2024.03.12"]
[EventType "swiss (blitz)"]
[EventRounds "11"]
[EventCountry "USA"]
[SourceTitle "CB12_2024"]
[SourceDate "2023.10.01"]
[SourceVersion "1"]
[SourceVersionDate "2023.10.01"]
[SourceQuality "1"]

1. Nf3 d5 2. d4 Nf6 3. c4 e6 4. g3 dxc4 5. Qa4+ Nbd7 6. Qxc4 a6 7. Bd2 b5 8. Qc2 Bb7 9. Bg2 c5 10. dxc5 Bxc5 11. b4 Bb6 12. 0-0 Rc8 13. Qb2 0-0 14. Rd1 Qe7 15. Nc3 e5 16. e4 Nxe4 17. Nxe4 Bxe4 18. Nxe5 Rc2 19. Qb3 Qxe5 20. Bxe4 Rxd2 21. Rf1 Bxf2+ 0-1

[Event "Titled Tuesday intern op 27th Feb Late"]
[Site "Chess.com INT"]
[Date "2024.02.27"]
[Round "9"]
[White "Ramirez Madrid, Gerardo Alfonso"]
[Black "Dovzik, Juri"]
[Result "1-0"]
[WhiteElo "1950"]
[BlackElo "2235"]
[PlyCount "59"]
[EventDate "2024.02.27"]
[EventType "swiss (blitz)"]
[EventRounds "11"]
[EventCountry "USA"]
[SourceTitle "CB10_2024"]
[SourceDate "2024.03.06"]
[SourceVersion "1"]
[SourceVersionDate "2024.03.06"]
[SourceQuality "1"]

1. Nf3 Nf6 2. g3 b6 3. Bg2 Bb7 4. 0-0 g6 5. b3 Bg7 6. Bb2 0-0 7. c4 c5 8. d4 d6 9. d5 a6 10. Nc3 Nbd7 11. Qc2 Ng4 12. e4 Nde5 13. Nxe5 Nxe5 14. h3 Bc8 15. f4 Nd7 16. Rae1 f6 17. Nb1 Rf7 18. Nd2 b5 19. Nf3 Nb6 20. e5 bxc4 21. bxc4 a5 22. exf6 exf6 23. Re2 Ba6 24. Nd2 Re7 25. Rfe1 Raa7 26. Qb3 Rxe2 27. Rxe2 a4 28. Qc2 Re7 29. Ne4 Kf7 30. g4 1-0

[Event "Titled Tuesday intern op 06th Feb Late"]
[Site "Chess.com INT"]
[Date "2024.02.06"]
[Round "6"]
[White "Ramirez Madrid, Gerardo Alfonso"]
[Black "Esmeraldas Huachi, Anderson Yahir"]
[Result "1-0"]
[WhiteElo "1950"]
[BlackElo "2148"]
[PlyCount "61"]
[EventDate "2024.02.06"]
[EventType "swiss (blitz)"]
[EventRounds "11"]
[EventCountry "USA"]
[SourceTitle "CB07_2024"]
[SourceDate "2024.02.14"]
[SourceVersion "1"]
[SourceVersionDate "2024.02.14"]
[SourceQuality "1"]

1. Nf3 d5 2. g3 c5 3. Bg2 Nf6 4. 0-0 h6 5. c4 Nc6 6. b3 e6 7. Bb2 Be7 8. e3 0-0 9. Qe2 b6 10. Rd1 Bb7 11. d4 Rc8 12. cxd5 exd5 13. Nc3 Rc7 14. Rac1 Qa8 15. dxc5 bxc5 16. Na4 Nb4 17. a3 Ba6 18. Qd2 Nd3 19. Rc2 Ne4 20. Qa5 Qb7 21. Ne1 Nxb2 22. Rxb2 Bf6 23. Rbb1 Be2 24. Bxe4 dxe4 25. Rd2 Qa6 26. Qxa6 Bxa6 27. Rc1 Rfc8 28. Rdc2 Be7 29. b4 c4 30. Nc3 Bb7 31. Rd2 1-0

[Event "Titled Tuesday intern op 06th Feb Late"]
[Site "Chess.com INT"]
[Date "2024.02.06"]
[Round "9"]
[White "Ramirez Madrid, Gerardo Alfonso"]
[Black "Maltsevskaya, Aleksandra"]
[Result "1-0"]
[WhiteElo "1950"]
[BlackElo "2374"]
[PlyCount "63"]
[EventDate "2024.02.06"]
[EventType "swiss (blitz)"]
[EventRounds "11"]
[EventCountry "USA"]
[SourceTitle "CB07_2024"]
[SourceDate "2024.02.14"]
[SourceVersion "1"]
[SourceVersionDate "2024.02.14"]
[SourceQuality "1"]

1. Nf3 Nf6 2. c4 g6 3. g3 d6 4. d4 Bg7 5. Bg2 0-0 6. 0-0 Nbd7 7. Nc3 e5 8. e4 exd4 9. Nxd4 Nc5 10. Be3 Ng4 11. Qd2 Nxe3 12. Qxe3 Re8 13. Rae1 a5 14. Qd2 c6 15. h3 Ne6 16. Nc2 a4 17. Ne3 Qb6 18. Kh2 Qa5 19. Nc2 a3 20. b4 Qc7 21. f4 Nf8 22. Nd4 Qb6 23. Nc2 Qa6 24. Qd3 Be6 25. Ne3 Rad8 26. f5 Bc8 27. f6 Bh8 28. Ned5 cxd5 29. Nxd5 Ne6 30. Qe3 b5 31. Qh6 Rf8 32. Ne7# 1-0

[Event "Pan American-ch U20"]
[Site "Pereira"]
[Date "2022.08.26"]
[Round "7"]
[White "Ramirez Madrid, Gerardo Alfonso"]
[Black "Picasso Periche, Luis Willian Albert"]
[Result "0-1"]
[WhiteElo "1967"]
[BlackElo "1226"]
[PlyCount "98"]
[EventDate "2022.08.23"]
[EventType "swiss"]
[EventRounds "9"]
[EventCountry "COL"]
[SourceTitle "CBM 210 Extra"]
[Source "ChessBase"]
[SourceDate "2022.11.30"]
[SourceVersion "1"]
[SourceVersionDate "2022.11.30"]
[SourceQuality "1"]

1. Nf3 g6 2. c4 Bg7 3. d4 d6 4. g3 Nf6 5. Nc3 0-0 6. Bg2 Bg4 7. h3 Bxf3 8. Bxf3 c6 9. e4 e5 10. Be3 Nbd7 11. 0-0 Re8 12. Qc2 Qe7 13. Bg2 Rac8 14. Rad1 a6 15. dxe5 dxe5 16. Rd2 Qe6 17. c5 Bf8 18. b4 a5 19. a3 Ra8 20. Qb2 axb4 21. axb4 Nb8 22. Rfd1 Nfd7 23. Nd5 cxd5 24. exd5 Qa6 25. c6 Qb5 26. cxd7 Nxd7 27. Bf1 Qxb4 28. Qxb4 Bxb4 29. Rb2 Bc3 30. Rxb7 Nf6 31. d6 Rad8 32. Bb5 Re6 33. d7 Ba5 34. Ra1 Bb4 35. Bb6 Rxb6 36. Rxb6 Kg7 37. Rc1 Nd5 38. Bc6 Nxb6 39. Rb1 Bc5 40. Rb5 Bd4 41. Kg2 Kf8 42. f4 f6 43. Kf3 Ke7 44. g4 Kd6 45. Be4 Rxd7 46. g5 Rf7 47. Kg3 exf4+ 48. Kxf4 fxg5+ 49. Kxg5 Be3+ 0-1

[Event "Pan American-ch U20"]
[Site "Pereira"]
[Date "2022.08.23"]
[Round "2"]
[White "Ramirez Madrid, Gerardo Alfonso"]
[Black "Cajamarca Gordillo, Sebastian Alejandro"]
[Result "1-0"]
[WhiteElo "1967"]
[BlackElo "1590"]
[PlyCount "53"]
[EventDate "2022.08.23"]
[EventType "swiss"]
[EventRounds "9"]
[EventCountry "COL"]
[SourceTitle "CBM 210 Extra"]
[Source "ChessBase"]
[SourceDate "2022.11.30"]
[SourceVersion "1"]
[SourceVersionDate "2022.11.30"]
[SourceQuality "1"]

1. Nf3 d5 2. g3 e6 3. Bg2 Nf6 4. 0-0 Be7 5. c4 0-0 6. b3 b6 7. Bb2 Bb7 8. e3 Nbd7 9. Qe2 c5 10. Rd1 Rc8 11. Nc3 dxc4 12. bxc4 Ne4 13. Rac1 Nxc3 14. Bxc3 Bf6 15. d4 cxd4 16. exd4 Re8 17. Bb4 Be7 18. c5 Bd5 19. Qb5 bxc5 20. dxc5 Qc7 21. Nd4 Rb8 22. Qa4 Bxg2 23. Kxg2 Rxb4 24. Qxb4 Bxc5 25. Qb5 Qd6 26. Nb3 Qe5 27. Nxc5 1-0

[Event "Central America Carribean-ch U20"]
[Site "Pereira"]
[Date "2021.09.26"]
[Round "8"]
[White "Ramirez Madrid, Gerardo Alfonso"]
[Black "Mora Munoz, Alejandro"]
[Result "1/2-1/2"]
[WhiteElo "2029"]
[BlackElo "1890"]
[PlyCount "73"]
[EventDate "2021.09.21"]
[EventType "swiss"]
[EventRounds "9"]
[EventCountry "COL"]
[SourceTitle "EXT 2023"]
[Source "ChessBase"]
[SourceDate "2022.10.05"]
[SourceVersion "1"]
[SourceVersionDate "2022.10.05"]
[SourceQuality "1"]

1. Nf3 Nf6 2. c4 g6 3. g3 Bg7 4. Bg2 0-0 5. 0-0 d6 6. d4 Nc6 7. Nc3 e5 8. d5 Ne7 9. e4 Nd7 10. Be3 h6 11. Qd2 Kh7 12. Ne1 f5 13. Nd3 Nf6 14. f3 fxe4 15. fxe4 Ng4 16. Rxf8 Bxf8 17. Rf1 Bd7 18. h3 Nxe3 19. Qxe3 a6 20. b4 Qe8 21. Kh2 Ng8 22. c5 Be7 23. Nb2 a5 24. b5 Bxb5 25. Nxb5 Qxb5 26. Rf7+ Kh8 27. Nd3 Rf8 28. Rxf8 Bxf8 29. cxd6 cxd6 30. Bf1 Qb1 31. Qe2 Nf6 32. Nf2 Be7 33. Bg2 Qb6 34. Ng4 Kg7 35. Nxf6 Bxf6 36. Qg4 Qc7 37. a4 1/2-1/2

[Event "Central America Carribean-ch U20"]
[Site "Pereira"]
[Date "2021.09.24"]
[Round "5"]
[White "Rico Duran, Juan Sebastian"]
[Black "Ramirez Madrid, Gerardo Alfonso"]
[Result "1/2-1/2"]
[WhiteElo "1675"]
[BlackElo "2029"]
[PlyCount "90"]
[EventDate "2021.09.21"]
[EventType "swiss"]
[EventRounds "9"]
[EventCountry "COL"]
[SourceTitle "EXT 2023"]
[Source "ChessBase"]
[SourceDate "2022.10.05"]
[SourceVersion "1"]
[SourceVersionDate "2022.10.05"]
[SourceQuality "1"]

1. d4 Nf6 2. Nf3 g6 3. Bf4 Bg7 4. e3 0-0 5. Be2 c5 6. c3 b6 7. 0-0 d6 8. h3 Nbd7 9. Nbd2 Bb7 10. Bh2 Ne4 11. Nxe4 Bxe4 12. a4 a6 13. Qb3 Qc7 14. Ng5 Nf6 15. Nxe4 Nxe4 16. Rfd1 Ra7 17. Bd3 Nf6 18. Rac1 Rd8 19. e4 Nd7 20. Be2 Qb8 21. f4 b5 22. axb5 axb5 23. f5 c4 24. Qc2 Qb6 25. Kh1 Ra2 26. Rf1 Qa7 27. Qd2 Nb6 28. Bd1 Na4 29. Rc2 Rc8 30. b3 Rxc2 31. Bxc2 Nb6 32. e5 dxe5 33. dxe5 cxb3 34. Bxb3 Nc4 35. Bxc4 bxc4 36. f6 exf6 37. exf6 Bf8 38. Bg1 Qc7 39. Ra1 Bc5 40. Qh6 Bf8 41. Qg5 h6 42. Qd5 Rd8 43. Ra7 Qxa7 44. Qxd8 Qa3 45. Bd4 Qc1+ 1/2-1/2

[Event "Central America Carribean-ch U20"]
[Site "Pereira"]
[Date "2021.09.22"]
[Round "2"]
[White "Schnell, Sebastian Narayana"]
[Black "Ramirez Madrid, Gerardo Alfonso"]
[Result "0-1"]
[WhiteElo "1629"]
[BlackElo "2029"]
[PlyCount "94"]
[EventDate "2021.09.21"]
[EventType "swiss"]
[EventRounds "9"]
[EventCountry "COL"]
[SourceTitle "EXT 2023"]
[Source "ChessBase"]
[SourceDate "2022.10.05"]
[SourceVersion "1"]
[SourceVersionDate "2022.10.05"]
[SourceQuality "1"]

1. e4 e6 2. d4 d5 3. exd5 exd5 4. Nf3 Bg4 5. h3 Bh5 6. Be2 Bd6 7. c4 dxc4 8. Bxc4 Nf6 9. 0-0 0-0 10. g4 Bg6 11. Ne5 Nbd7 12. f4 Be4 13. Nc3 b5 14. Bxb5 Bb7 15. g5 Bxe5 16. dxe5 Nd5 17. Nxd5 c6 18. Bc4 cxd5 19. Bxd5 Qb6+ 20. Kh2 Rac8 21. Bxb7 Qxb7 22. Qf3 Rc2+ 23. Kg3 Qb5 24. Rf2 Rxf2 25. Kxf2 Nc5 26. Qe2 Nd3+ 27. Kg3 a6 28. Be3 Rd8 29. Rd1 Qd5 30. Rd2 g6 31. Bb6 Nxf4 32. Rxd5 Nxe2+ 33. Kf2 Rxd5 34. Kxe2 Rxe5+ 35. Be3 Kf8 36. Kf3 Ke7 37. h4 Ke6 38. Bd4 Re1 39. a3 Kf5 40. Bf2 Rb1 41. Bd4 Rd1 42. Bc3 Rd3+ 43. Ke2 Ke4 44. Bd2 Rh3 45. Be1 Re3+ 46. Kf2 Kd3 47. Kf1 Re2 0-1

[Event "Central America Carribean-ch U20"]
[Site "Pereira"]
[Date "2021.09.21"]
[Round "1"]
[White "Ramirez Madrid, Gerardo Alfonso"]
[Black "Negron Lizarazo, Juan Sebastian"]
[Result "1-0"]
[WhiteElo "2029"]
[BlackElo "1488"]
[PlyCount "57"]
[EventDate "2021.09.21"]
[EventType "swiss"]
[EventRounds "9"]
[EventCountry "COL"]
[SourceTitle "EXT 2023"]
[Source "ChessBase"]
[SourceDate "2022.10.05"]
[SourceVersion "1"]
[SourceVersionDate "2022.10.05"]
[SourceQuality "1"]

1. Nf3 Nf6 2. c4 d5 3. cxd5 Nxd5 4. d4 e6 5. e4 Nf6 6. Nc3 Nc6 7. Bb5 Bd7 8. 0-0 Bb4 9. Qe2 0-0 10. Bg5 Be7 11. Rad1 h6 12. d5 exd5 13. Bxf6 dxe4 14. Bxe7 exf3 15. Qe4 Qc8 16. Bxf8 fxg2 17. Rfe1 Bf5 18. Qd5 Be6 19. Qc5 Qxf8 20. Qxf8+ Kxf8 21. Bxc6 bxc6 22. Kxg2 Rb8 23. b3 g5 24. Re5 Ke7 25. Ra5 Rb7 26. f3 h5 27. Rxg5 h4 28. Rd4 h3+ 29. Kg3 1-0

[Event "Online Olym Div2 E"]
[Site "Chess.com INT"]
[Date "2021.09.02"]
[Round "3.1"]
[White "Ramirez Madrid, Gerardo Alfonso"]
[Black "Avila Pavas, Santiago"]
[Result "0-1"]
[WhiteElo "2029"]
[BlackElo "2395"]
[PlyCount "120"]
[EventDate "2021.09.02"]
[EventType "team (rapid)"]
[EventRounds "9"]
[EventCountry "USA"]
[SourceTitle "CBM 204 Extra"]
[Source "ChessBase"]
[SourceDate "2021.11.30"]
[SourceVersion "1"]
[SourceVersionDate "2021.11.30"]
[SourceQuality "1"]
[WhiteTeam "Costa Rica"]
[BlackTeam "Colombia"]
[WhiteTeamCountry "CRI"]
[BlackTeamCountry "COL"]

1. Nf3 Nf6 2. c4 e6 3. g3 d5 4. Bg2 Be7 5. 0-0 0-0 6. b3 d4 7. e3 c5 8. exd4 cxd4 9. d3 Nc6 10. Re1 Nd7 11. Na3 e5 12. Nc2 f6 13. a3 a5 14. Rb1 Nc5 15. b4 axb4 16. axb4 Na4 17. Bd2 Bf5 18. b5 Na5 19. Nb4 Bxb4 20. Bxb4 Nc3 21. Bxc3 dxc3 22. Bf1 Bg4 23. Re3 b6 24. Qc2 Bxf3 25. Rxf3 Qd4 26. Rc1 Nb7 27. Qxc3 Qxc3 28. Rxc3 Nc5 29. Re3 Ra1 30. Kg2 Rfa8 31. Rc2 R8a2 32. Ree2 Ra3 33. d4 exd4 34. Re8+ Kf7 35. Rd8 Rd1 36. Be2 Ne6 37. Rd7+ Ke8 38. Bxd1 Kxd7 39. Bg4 Kd6 40. Bxe6 Kxe6 41. c5 d3 42. Rc4 Kd5 43. Rc1 bxc5 44. Kf3 c4 45. Kg2 d2 46. Rd1 c3 47. Kf1 Kc4 48. Ke2 c2 49. Rxd2 c1Q 50. b6 Rb3 51. h4 Rb2 52. Rxb2 Qxb2+ 53. Ke3 Qxb6+ 54. Kf3 Kd3 55. g4 Qd4 56. Kg3 Ke2 57. g5 Qxf2+ 58. Kh3 Qf3+ 59. Kh2 Kf2 60. h5 Qg2# 0-1

[Event "FISU World University"]
[Site "Tornelo INT"]
[Date "2020.10.26"]
[Round "3.14"]
[White "Ramirez Madrid, Gerardo Alfonso"]
[Black "Varshini, Veileven"]
[Result "1/2-1/2"]
[WhiteElo "2029"]
[BlackElo "2226"]
[PlyCount "96"]
[EventDate "2020.10.26"]
[EventType "team-swiss (rapid)"]
[EventRounds "9"]
[EventCountry "NET"]
[SourceTitle "CBM 199 Extra"]
[Source "ChessBase"]
[SourceDate "2021.01.31"]
[SourceVersion "1"]
[SourceVersionDate "2021.01.31"]
[SourceQuality "1"]
[WhiteTeam "Costa Rica"]
[BlackTeam "India"]
[WhiteTeamCountry "CRI"]
[BlackTeamCountry "IND"]

1. Nf3 d5 2. c4 e6 3. g3 Nf6 4. b3 Be7 5. Bg2 0-0 6. 0-0 b6 7. Bb2 Bb7 8. e3 c5 9. Qe2 Nbd7 10. Rd1 Rc8 11. Nc3 Qc7 12. cxd5 exd5 13. d4 Rfd8 14. Rac1 Qb8 15. dxc5 Nxc5 16. Nd4 Ba6 17. Ncb5 Qb7 18. Nf5 Qd7 19. Nxe7+ Qxe7 20. Bf1 Nce4 21. Qf3 Rxc1 22. Rxc1 Nd2 23. Qg2 Nxf1 24. Qxf1 Ne4 25. h4 Qd7 26. a4 Nc5 27. Qd1 Bxb5 28. axb5 Qxb5 29. Qd4 Ne6 30. Qd1 a5 31. Ba1 Qd7 32. Qg4 Qe7 33. Rc6 Rd6 34. Rc8+ Rd8 35. Rc6 Qb7 36. Rc1 Re8 37. h5 h6 38. Kh2 Rf8 39. Rc2 f5 40. Qg6 Ng5 41. Rc6 b5 42. Rb6 Qd7 43. Rd6 Qb7 44. Rb6 Qd7 45. Rd6 Qb7 46. Rb6 Qd7 47. Rd6 Qb7 48. Rb6 Qd7 1/2-1/2

[Event "CRI-ch"]
[Site "San Jose"]
[Date "2020.01.16"]
[Round "7"]
[White "Murillo Gonzalez, Carlos E"]
[Black "Ramirez Madrid, Gerardo Alfonso"]
[Result "1/2-1/2"]
[WhiteElo "1964"]
[BlackElo "2033"]
[PlyCount "41"]
[EventDate "2020.01.10"]
[EventType "swiss"]
[EventRounds "11"]
[EventCountry "CRI"]
[SourceTitle "CBM 194 Extra"]
[Source "ChessBase"]
[SourceDate "2020.03.31"]
[SourceVersion "1"]
[SourceVersionDate "2020.03.31"]
[SourceQuality "1"]

1. e4 e6 2. d4 d5 3. Nc3 Nf6 4. Bg5 dxe4 5. Nxe4 Be7 6. Bxf6 gxf6 7. Bd3 f5 8. Ng3 c5 9. Nf3 cxd4 10. Nxd4 Nc6 11. Nxc6 bxc6 12. Qe2 Qc7 13. c3 Bb7 14. 0-0-0 c5 15. Rhe1 0-0-0 16. Nxf5 Bg5+ 17. Ne3 Bxe3+ 18. Qxe3 Bxg2 19. Ba6+ Kb8 20. Bd3 Bb7 21. Qe2 1/2-1/2

[Event "CRI-ch"]
[Site "San Jose"]
[Date "2020.01.12"]
[Round "3"]
[White "Ramirez Madrid, Gerardo Alfonso"]
[Black "Hernandez Alvarez, Tania Regla"]
[Result "1-0"]
[WhiteElo "2033"]
[BlackElo "2071"]
[PlyCount "103"]
[EventDate "2020.01.10"]
[EventType "swiss"]
[EventRounds "11"]
[EventCountry "CRI"]
[SourceTitle "CBM 194 Extra"]
[Source "ChessBase"]
[SourceDate "2020.03.31"]
[SourceVersion "1"]
[SourceVersionDate "2020.03.31"]
[SourceQuality "1"]

1. c4 g6 2. g3 Bg7 3. Bg2 d6 4. Nc3 Nc6 5. d3 e5 6. e4 Nd4 7. Be3 Ne7 8. f3 f5 9. Nge2 0-0 10. 0-0 fxe4 11. dxe4 c5 12. Qd2 Be6 13. b3 Qd7 14. Bh6 Rf7 15. Bxg7 Kxg7 16. f4 Raf8 17. Rf2 Nec6 18. Raf1 Bg4 19. Nxd4 Nxd4 20. Nd5 h6 21. Kh1 b6 22. Qd3 Bh3 23. Ne3 Bxg2+ 24. Kxg2 exf4 25. gxf4 Qe7 26. f5 Kh8 27. Kh1 gxf5 28. Nxf5 Nxf5 29. Rxf5 Rxf5 30. Rxf5 Rxf5 31. exf5 Qe5 32. Kg2 Qb2+ 33. Kg3 Qxa2 34. Qe3 Qb2 35. Qxh6+ Kg8 36. Qe6+ Kh7 37. Qg6+ Kh8 38. Qh6+ Kg8 39. Qe3 Qg7+ 40. Kf3 Kf8 41. h4 Qf6 42. Kg4 Qg7+ 43. Qg5 Qd4+ 44. Kh5 Qd1+ 45. Kg6 Ke8 46. Qe3+ Kf8 47. h5 Qf1 48. h6 Qa1 49. Qg5 Ke8 50. h7 Qe5 51. f6 Qe4+ 52. Kh6 1-0

[Event "CRI-ch"]
[Site "San Jose"]
[Date "2020.01.11"]
[Round "2"]
[White "Ramirez Madrid, Gerardo Alfonso"]
[Black "Ramirez Gonzalez, Maria Jose"]
[Result "1-0"]
[WhiteElo "2033"]
[BlackElo "1790"]
[PlyCount "67"]
[EventDate "2020.01.10"]
[EventType "swiss"]
[EventRounds "11"]
[EventCountry "CRI"]
[SourceTitle "CBM 194 Extra"]
[Source "ChessBase"]
[SourceDate "2020.03.31"]
[SourceVersion "1"]
[SourceVersionDate "2020.03.31"]
[SourceQuality "1"]

1. c4 e5 2. g3 Nc6 3. Nc3 Nf6 4. Bg2 Bc5 5. Nf3 d6 6. d3 a5 7. 0-0 0-0 8. a3 Bd7 9. Bg5 h6 10. Bxf6 Qxf6 11. Nd5 Qd8 12. Rb1 Ne7 13. Nc3 a4 14. d4 exd4 15. Nxd4 Qc8 16. Ndb5 Be6 17. Nxa4 Bxc4 18. Nxc5 dxc5 19. Nc3 Rd8 20. Qc2 Nf5 21. Bxb7 Qxb7 22. Qxf5 Rd2 23. Rfd1 Rad8 24. Rxd2 Rxd2 25. Qxc5 Qb3 26. Qxc7 Bxe2 27. Nxe2 Rxe2 28. Qc3 Qb6 29. Qc8+ Kh7 30. Qf5+ Kg8 31. b4 Ra2 32. Re1 g6 33. Re8+ Kg7 34. Qe5+ 1-0

[Event "Alajuela"]
[Site "Alajuela"]
[Date "2019.12.15"]
[Round "9"]
[White "Urbina Quiroz, Edwin"]
[Black "Ramirez Madrid, Gerardo Alfonso"]
[Result "0-1"]
[WhiteElo "2179"]
[BlackElo "2015"]
[PlyCount "70"]
[EventDate "2019.12.11"]
[EventType "tourn"]
[EventRounds "9"]
[EventCountry "CRI"]
[EventCategory "2"]
[SourceTitle "CBM 193 Extra"]
[Source "ChessBase"]
[SourceDate "2020.01.31"]
[SourceVersion "1"]
[SourceVersionDate "2020.01.31"]
[SourceQuality "1"]

1. e4 e6 2. d4 d5 3. e5 c5 4. c3 Nc6 5. Nf3 Qb6 6. Bd3 Nh6 7. 0-0 cxd4 8. cxd4 Nf5 9. Bxf5 exf5 10. Nc3 Be6 11. a3 Be7 12. b4 h6 13. Na4 Qb5 14. Nc5 0-0 15. a4 Qb6 16. Bd2 a5 17. bxa5 Nxa5 18. Rb1 Qc6 19. Bxa5 Bxc5 20. Bb4 Bxb4 21. Rxb4 Ra5 22. Qb3 Raa8 23. Rxb7 Rxa4 24. h4 Kh7 25. h5 Ra3 26. Qb1 Ra1 27. Qb2 Rxf1+ 28. Kxf1 Qc4+ 29. Kg1 Ra8 30. Qb5 Ra1+ 31. Kh2 Qc1 32. Qd3 Qf4+ 33. g3 Qc1 34. Kh3 Qh1+ 35. Nh2 Rg1 0-1

[Event "Alajuela"]
[Site "Alajuela"]
[Date "2019.12.13"]
[Round "4"]
[White "Gonzalez Galvan, Juan Manuel"]
[Black "Ramirez Madrid, Gerardo Alfonso"]
[Result "1-0"]
[WhiteElo "2249"]
[BlackElo "2015"]
[PlyCount "52"]
[EventDate "2019.12.11"]
[EventType "tourn"]
[EventRounds "9"]
[EventCountry "CRI"]
[EventCategory "2"]
[SourceTitle "CBM 193 Extra"]
[Source "ChessBase"]
[SourceDate "2020.01.31"]
[SourceVersion "1"]
[SourceVersionDate "2020.01.31"]
[SourceQuality "1"]

1. e4 e6 2. d3 d5 3. Bd2 c5 4. f4 Nc6 5. Nf3 Bd6 6. Be2 f6 7. 0-0 Nge7 8. Qe1 Qc7 9. Qh4 Bd7 10. Nc3 Nd4 11. Qh5+ g6 12. Qh4 Nxf3+ 13. Bxf3 d4 14. Ne2 0-0 15. e5 fxe5 16. fxe5 Bxe5 17. Qxe7 Bf6 18. Bf4 e5 19. Bxe5 Qxe5 20. Qxd7 Rad8 21. Qxb7 Bg5 22. Be4 Be3+ 23. Kh1 Bf2 24. Qxa7 Qh5 25. Ng1 Rd6 26. Rxf2 Rxf2 1-0

[Event "Alajuela"]
[Site "Alajuela"]
[Date "2019.12.13"]
[Round "5"]
[White "Ramirez Madrid, Gerardo Alfonso"]
[Black "Aizpurua, Patrick Emilio"]
[Result "0-1"]
[WhiteElo "2015"]
[BlackElo "2345"]
[PlyCount "132"]
[EventDate "2019.12.11"]
[EventType "tourn"]
[EventRounds "9"]
[EventCountry "CRI"]
[EventCategory "2"]
[SourceTitle "CBM 193 Extra"]
[Source "ChessBase"]
[SourceDate "2020.01.31"]
[SourceVersion "1"]
[SourceVersionDate "2020.01.31"]
[SourceQuality "1"]

1. c4 c6 2. Nf3 Nf6 3. Nc3 d5 4. e3 e6 5. b3 Nbd7 6. Bb2 Be7 7. Qc2 Qa5 8. Be2 0-0 9. 0-0 Ba3 10. cxd5 exd5 11. Bxa3 Qxa3 12. d4 Re8 13. Rab1 Ne4 14. Nxe4 dxe4 15. Nd2 Qe7 16. Rbe1 Nf6 17. f3 Nd5 18. Bc4 exf3 19. Rxf3 Bg4 20. Rg3 Nf6 21. h3 Bh5 22. Bd3 Rad8 23. Rf1 Qd6 24. Rg5 Rxe3 25. Bxh7+ Nxh7 26. Rxh5 Nf6 27. Rh4 Qg3 28. Rhf4 Re2 29. R4f2 Rxf2 30. Rxf2 Rxd4 31. Nf3 Rd8 32. Rd2 Nd5 33. Qe4 Qc7 34. Ng5 Nf6 35. Rxd8+ Qxd8 36. Qe5 b6 37. Kh1 c5 38. Ne4 Nxe4 39. Qxe4 Qd7 40. Qe5 Qc8 41. Qd5 b5 42. Qd3 c4 43. bxc4 bxc4 44. Qc3 Qc5 45. Kh2 a5 46. a3 f6 47. Kh1 Kf7 48. Qf3 c3 49. Qb7+ Ke6 50. Qe4+ Kd6 51. Qf4+ Kd5 52. Qf5+ Kc4 53. Qe4+ Kb3 54. Qb1+ Kxa3 55. Qa1+ Kb3 56. Qb1+ Kc4 57. Qe4+ Qd4 58. Qc2 Kc5 59. Qf5+ Qd5 60. Qc2 Qc4 61. Qf5+ Kb4 62. Qc2 Qb3 63. Qe4+ Ka3 64. Qf5 Kb2 65. Qxa5 c2 66. Qd2 Kb1 0-1